| 000 | 00785nam a2200217Ia 4500 | ||
|---|---|---|---|
| 020 | _a9211195497 | ||
| 040 | _cDLC | ||
| 082 | _a333 UNI 1989 A066 Or. | ||
| 245 | 0 | 0 | _aGuidelines for the preparation of national master water plans |
| 260 |
_aNew York : _bUnited Nations, _c1989 |
||
| 300 |
_ax, 163 p. : _bill. ; _c30 cm |
||
| 490 | 1 | _aWater resources series, | |
| 500 | _aSpine title: Water resources development in Asia and the Pacific | ||
| 500 | _aAt head of title: Economic and Social Commission for Asia and the Pacific | ||
| 500 | _a"ST/ESCAP/SER.F/65"--T.p. verso | ||
| 500 | _a"United Nations Publication Sales No.E.89.II.F.17"--T.p. verso. Screen 2 o | ||
| 650 | 0 | _aWater resources development | |
| 650 | 0 | _aIrrigation | |
| 710 | 2 | _aUnited Nations. | |
| 942 | _cEK | ||
| 999 |
_c14218 _d14218 |
||